| 000 -LEADER |
| fixed length control field |
02140cam a22003618i 4500 |
| 001 - CONTROL NUMBER |
| control field |
17987144 |
| 003 - CONTROL NUMBER IDENTIFIER |
| control field |
USPCAS-E |
| 005 - DATE AND TIME OF LATEST TRANSACTION |
| control field |
20180118181411.0 |
| 008 - FIXED-LENGTH DATA ELEMENTS--GENERAL INFORMATION |
| fixed length control field |
140103s2014 mnu b 001 0 eng |
| 010 ## - LIBRARY OF CONGRESS CONTROL NUMBER |
| LC control number |
2013048478 |
| 020 ## - INTERNATIONAL STANDARD BOOK NUMBER |
| International Standard Book Number |
9780971977983 (paperback) |
| 040 ## - CATALOGING SOURCE |
| Original cataloging agency |
DLC |
| Language of cataloging |
eng |
| Transcribing agency |
DLC |
| Description conventions |
rda |
| 042 ## - AUTHENTICATION CODE |
| Authentication code |
pcc |
| 050 00 - LIBRARY OF CONGRESS CALL NUMBER |
| Classification number |
TK3271 |
| Item number |
.R48 2014 |
| 082 00 - DEWEY DECIMAL CLASSIFICATION NUMBER |
| Classification number |
621.31924 |
| Edition number |
23 |
| Author Mark |
HAR-P 2014 |
| 084 ## - OTHER CLASSIFICATION NUMBER |
| Classification number |
TEC007000 |
| Number source |
bisacsh |
| 100 1# - MAIN ENTRY--PERSONAL NAME |
| Personal name |
Hartwell, Frederic P., |
| Relator term |
author. |
| 245 10 - TITLE STATEMENT |
| Title |
Practical electrical wiring : |
| Remainder of title |
residential, farm, commercial, and industrial / |
| Statement of responsibility, etc. |
Frederic P. Hartwell, Herbert P. Richter ; with a foreword by Wilford "Bill" Summers. |
| 250 ## - EDITION STATEMENT |
| Edition statement |
22nd edition. |
| 263 ## - PROJECTED PUBLICATION DATE |
| Projected publication date |
1403 |
| 300 ## - PHYSICAL DESCRIPTION |
| Extent |
pages cm |
| 500 ## - GENERAL NOTE |
| General note |
"Based on the 2014 National Electrical Code." |
| 502 ## - DISSERTATION NOTE |
| Dissertation note |
0 |
| 504 ## - BIBLIOGRAPHY, ETC. NOTE |
| Bibliography, etc. note |
Includes bibliographical references and index. |
| 520 ## - SUMMARY, ETC. |
| Summary, etc. |
"Comprehensive and detailed, this reference presents the critical revisions in technical topics driven by emerging technology and building-code changes. Starting with a basic overview of the National Electrical Code and its enforcement, this handbook reviews the theory and practice of installing electrical wiring. The guidelines provide an essential context for understanding the major industry segments--residential, farm, commercial, and industrial--and the techniques that help to prevent or solve all wiring problems. A wealth of tips and handy tricks offered in a professional, down-to-earth style make this a favorite on-the-job resource. Professional practitioners, students and apprentices, and those seeking more information on performing electrical work at home will find everything they need to know about the wiring trade in this handy volume"-- |
| 650 #0 - SUBJECT ADDED ENTRY--TOPICAL TERM |
| Topical term or geographic name entry element |
Electric wiring, Interior. |
| 650 #7 - SUBJECT ADDED ENTRY--TOPICAL TERM |
| Topical term or geographic name entry element |
TECHNOLOGY & ENGINEERING / Electrical. |
| Source of heading or term |
bisacsh |
| 700 1# - ADDED ENTRY--PERSONAL NAME |
| Personal name |
Richter, H. P. |
| Fuller form of name |
(Herbert P.), |
| Dates associated with a name |
1900-1978, |
| Relator term |
author. |
| 700 1# - ADDED ENTRY--PERSONAL NAME |
| Personal name |
Summers, Wilford I., |
| Relator term |
writer of supplementary textual content. |
| 906 ## - LOCAL DATA ELEMENT F, LDF (RLIN) |
| a |
7 |
| b |
cbc |
| c |
orignew |
| d |
1 |
| e |
ecip |
| f |
20 |
| g |
y-gencatlg |
| 942 ## - ADDED ENTRY ELEMENTS (KOHA) |
| Source of classification or shelving scheme |
|
| Koha item type |
Book |